[Event "European Online Chess Club Cup 2021 - G"]
[Site "Tornelo.com"]
[Date "2021.03.27"]
[Round "4.1"]
[White "Matlakov, Maxim"]
[Black "Delgado Ramirez, Neuris"]
[Result "1-0"]
[WhiteElo "2688"]
[BlackElo "2616"]
[PlyCount "45"]
[EventDate "2021.03.27"]
[EventType "team"]
[EventRounds "9"]
[WhiteTeam "Mednyi Vsadnik"]
[BlackTeam "Gijon 64"]

1. d4 Nf6 2. Nc3 d5 3. Bf4 c6 4. e3 e6 5. Nf3 Bd6 6. Bd3 O-O 7. h4 Bxf4 8. exf4
c5 9. dxc5 Qc7 10. Ne2 Nbd7 11. b4 a5 12. a3 e5 13. fxe5 Nxe5 14. Nxe5 Qxe5 15.
O-O Qh5 16. g3 Bg4 17. Qd2 Ne4 18. Qe3 axb4 19. axb4 Rxa1 20. Rxa1 h6 21. Nf4
Qe5 22. Re1 f5 23. Ng6 1-0

[Event "European Online Chess Club Cup 2021 - G"]
[Site "Tornelo.com"]
[Date "2021.03.27"]
[Round "4.3"]
[White "Esipenko, Andrey"]
[Black "Gukesh, D."]
[Result "1-0"]
[WhiteElo "2701"]
[BlackElo "2563"]
[PlyCount "79"]
[EventDate "2021.03.27"]
[EventType "team"]
[EventRounds "9"]
[WhiteTeam "Mednyi Vsadnik"]
[BlackTeam "Gijon 64"]

1. d4 d5 2. c4 e6 3. Nf3 Nf6 4. Nc3 Be7 5. Bf4 O-O 6. a3 Nbd7 7. Nb5 Ne8 8. e3
c6 9. Nc3 Bd6 10. Bg3 b6 11. Qc2 Ba6 12. b3 Bxg3 13. hxg3 Nef6 14. g4 g6 15. g5
Ne8 16. e4 dxc4 17. Bxc4 Bxc4 18. bxc4 e5 19. dxe5 Ng7 20. Qd2 Nc5 21. Nd4 Nge6
22. Nxc6 Qxd2+ 23. Kxd2 Nb3+ 24. Ke3 Nxa1 25. Rxa1 Kg7 26. Rd1 Rfc8 27. Rd6 Nc7
28. Nd5 Ne8 29. Nde7 Rc7 30. Kd4 Kf8 31. Nd5 Rcc8 32. Nde7 Rc7 33. Nd5 Rcc8 34.
Nce7 Nxd6 35. exd6 Rc5 36. e5 Ra5 37. Nc7 Re8 38. Nc6 Rc5 39. d7 Rb8 40. Na6
1-0

[Event "European Online Chess Club Cup 2021 - G"]
[Site "Tornelo.com"]
[Date "2021.03.27"]
[Round "4.2"]
[White "Michalik, Peter"]
[Black "Donchenko, Alexander"]
[Result "1/2-1/2"]
[WhiteElo "2594"]
[BlackElo "2659"]
[PlyCount "139"]
[EventDate "2021.03.27"]
[EventType "team"]
[EventRounds "9"]
[WhiteTeam "Cesky Lev"]
[BlackTeam "SF Deizisau e.V."]

1. d4 Nf6 2. c4 e6 3. Nf3 d5 4. Nc3 dxc4 5. e3 a6 6. a4 c5 7. Bxc4 Nc6 8. O-O
Qc7 9. Qe2 Be7 10. Rd1 O-O 11. d5 exd5 12. Nxd5 Nxd5 13. Bxd5 Bg4 14. h3 Bh5
15. Bd2 Bf6 16. Bc3 Bxc3 17. bxc3 Rad8 18. Rd2 Nd4 19. cxd4 Rxd5 20. dxc5 Bxf3
21. gxf3 Rg5+ 22. Kh1 Rh5 23. Kg2 Rg5+ 24. Kh1 Qxc5 25. Rd4 Qc6 26. Rg4 Rc5 27.
Kg2 h5 28. Rg3 g6 29. Rb1 Rd8 30. Qa2 Rd7 31. Rb2 Rc4 32. a5 Ra4 33. Qb1 Rxa5
34. Rb6 Rb5 35. Rxb5 axb5 36. e4 Qc5 37. h4 b4 38. Rg5 Qc4 39. Ra5 Rd2 40. Ra8+
Kg7 41. Qa1+ Qc3 42. Qa7 Qe5 43. Qb6 b3 44. Qb4 Qd6 45. Ra4 Qxb4 46. Rxb4 b2
47. Rxb7 Kf6 48. f4 Ke6 49. Kf3 Kd6 50. Ke3 Kc6 51. Rb8 Rc2 52. f3 Kc5 53. f5
gxf5 54. e5 Kc4 55. Kf4 Kc3 56. Kxf5 Rc1 57. Kf6 b1=Q 58. Rxb1 Rxb1 59. Kxf7
Rf1 60. e6 Rxf3+ 61. Kg6 Kd4 62. Kxh5 Re3 63. Kg5 Rxe6 64. h5 Ke5 65. h6 Rf6
66. h7 Rf8 67. Kg6 Ke6 68. Kg7 Rf7+ 69. Kg8 Rxh7 70. Kxh7 1/2-1/2

[Event "European Online Chess Club Cup 2021 - G"]
[Site "Tornelo.com"]
[Date "2021.03.28"]
[Round "5.2"]
[White "Vitiugov, Nikita"]
[Black "Grigorian, Spartak"]
[Result "1-0"]
[WhiteElo "2715"]
[BlackElo "2458"]
[PlyCount "164"]
[EventDate "2021.03.27"]
[EventType "team"]
[EventRounds "9"]
[WhiteTeam "Mednyi Vsadnik"]
[BlackTeam "SV Werder Bremen"]

1. d4 Nf6 2. Nc3 d5 3. Bf4 c5 4. e3 cxd4 5. exd4 a6 6. Nf3 Nc6 7. Ne5 Bd7 8.
Qd2 e6 9. a3 Rc8 10. f3 Qb6 11. Nxc6 Bxc6 12. Rb1 Be7 13. h4 Nh5 14. Be5 Qd8
15. Qf2 f6 16. Bh2 Bd6 17. g4 Nf4 18. Qe3 g5 19. hxg5 fxg5 20. Bxf4 Bxf4 21.
Qxe6+ Qe7 22. Qxe7+ Kxe7 23. Bd3 h6 24. Kf2 Rcf8 25. Ne2 Kd6 26. Rbe1 Bd7 27.
Kg2 Rf6 28. c3 Re8 29. Nxf4 Rxe1 30. Rxe1 Rxf4 31. Bg6 Rf6 32. Be8 Be6 33. Ba4
Bf7 34. Bc2 Be6 35. Kg3 Bd7 36. Re5 Be6 37. Bd3 Bd7 38. Be2 Be6 39. a4 Bd7 40.
a5 Be6 41. Bd1 Rf8 42. Bc2 Rf6 43. Bd3 Rf8 44. Re1 Rf6 45. Ra1 Bd7 46. Re1 Be6
47. Re2 Bd7 48. Bc2 Rf8 49. Bb3 Rf6 50. Re5 Be6 51. Bc2 Bd7 52. Bd3 Be6 53. b3
Rf4 54. Re2 Bd7 55. Rh2 Rf6 56. c4 Bc6 57. Bf5 Bd7 58. Bxd7 Kxd7 59. Kf2 b6 60.
axb6 Rxb6 61. c5 Rxb3 62. Rxh6 a5 63. Rd6+ Kc7 64. Rxd5 a4 65. Rxg5 Rb7 66. c6
Ra7 67. Rg7+ Kb6 68. Rxa7 Kxa7 69. g5 a3 70. c7 Kb7 71. g6 a2 72. c8=Q+ Kxc8
73. g7 a1=Q 74. g8=Q+ Kd7 75. Qd5+ Ke7 76. Qe5+ Kf7 77. Kg2 Kg6 78. Qe6+ Kg5
79. d5 Qb2+ 80. Kg3 Qa1 81. f4+ Kh5 82. Qe5+ Kg6 1-0

[Event "European Online Chess Club Cup 2021 - G"]
[Site "Tornelo.com"]
[Date "2021.03.28"]
[Round "6.1"]
[White "Vitiugov, Nikita"]
[Black "Markoja, Boris"]
[Result "1/2-1/2"]
[WhiteElo "2715"]
[BlackElo "2439"]
[PlyCount "62"]
[EventDate "2021.03.27"]
[EventType "team"]
[EventRounds "9"]
[WhiteTeam "Mednyi Vsadnik"]
[BlackTeam "ZSK Maribor Poligram"]

1. d4 Nf6 2. Nc3 d5 3. Bf4 e6 4. Nb5 Bd6 5. Nxd6+ cxd6 6. e3 O-O 7. Bd3 Nc6 8.
c3 e5 9. Bg5 Qe7 10. Ne2 Bg4 11. f3 Bh5 12. O-O Bg6 13. Bxg6 hxg6 14. dxe5 dxe5
15. Bxf6 gxf6 16. Qxd5 Rfd8 17. Qb5 a6 18. Qb6 Rd6 19. Qc5 Rd2 20. Qxe7 Nxe7
21. Ng3 Rxb2 22. Rfb1 Rxb1+ 23. Rxb1 b5 24. e4 Rd8 25. Nf1 f5 26. exf5 Nxf5 27.
Kf2 f6 28. Ke2 Kf7 29. Rb4 Ke6 30. a4 Nd6 31. axb5 axb5 1/2-1/2

[Event "European Online Chess Club Cup 2021 - G"]
[Site "Tornelo.com"]
[Date "2021.03.28"]
[Round "7.2"]
[White "Vitiugov, Nikita"]
[Black "Le Goff, Ronan"]
[Result "1-0"]
[WhiteElo "2715"]
[BlackElo "2288"]
[PlyCount "95"]
[EventDate "2021.03.27"]
[EventType "team"]
[EventRounds "9"]
[WhiteTeam "Mednyi Vsadnik"]
[BlackTeam "Echiquier Guingampais"]

1. c4 e6 2. Nc3 d5 3. d4 Nf6 4. cxd5 exd5 5. Bg5 c6 6. e3 Be7 7. Bd3 Nbd7 8.
Nge2 h6 9. Bh4 Nh5 10. Bxe7 Qxe7 11. O-O O-O 12. Qd2 Re8 13. Rae1 Nb6 14. Nc1
Nf6 15. f3 c5 16. Qf2 cxd4 17. exd4 Be6 18. Nb3 Qb4 19. Nc5 Nc4 20. Bxc4 dxc4
21. Re5 Qb6 22. Rfe1 Rad8 23. h3 Qc6 24. N5e4 Nd5 25. Nxd5 Bxd5 26. Nd6 Rxe5
27. dxe5 f6 28. Nf5 Qd7 29. Ne3 Bf7 30. exf6 gxf6 31. Ng4 Qd2 32. Nxf6+ Kg7 33.
Ne4 Qxf2+ 34. Kxf2 c3 35. Nxc3 b5 36. Nxb5 Rd2+ 37. Kg3 Rxb2 38. Nxa7 Rxa2 39.
Nb5 Kf6 40. Nc3 Rc2 41. Ne4+ Kg6 42. Rd1 Ba2 43. Rd6+ Kg7 44. Rd7+ Kg6 45. Rd6+
Kg7 46. Rd2 Bb1 47. Rxc2 Bxc2 48. Kf4 1-0

[Event "European Online Chess Club Cup 2021 - G"]
[Site "Tornelo.com"]
[Date "2021.03.27"]
[Round "1.1"]
[White "Howell, David W L"]
[Black "Eren, Ataberk"]
[Result "1-0"]
[WhiteElo "2658"]
[BlackElo "2306"]
[PlyCount "85"]
[EventDate "2021.03.27"]
[EventType "team"]
[EventRounds "9"]
[WhiteTeam "4NCL Guildford"]
[BlackTeam "Bursa Buyuksehir Belediyespor"]

1. c4 Nf6 2. Nc3 e6 3. Nf3 d5 4. e3 c5 5. cxd5 exd5 6. d4 Nc6 7. Bb5 Bd6 8.
dxc5 Bxc5 9. O-O O-O 10. b3 Bg4 11. Bb2 Re8 12. Rc1 Bf8 13. h3 Bh5 14. Be2 Rc8
15. Nh4 Bxe2 16. Nxe2 Ne4 17. Nf3 Qd7 18. Nf4 Rcd8 19. Qc2 Nb4 20. Qb1 Bd6 21.
Ne2 Re6 22. Rfd1 Rg6 23. Kf1 Qb5 24. Nfd4 Qa6 25. a3 Nc6 26. Qd3 Qb6 27. Qb5
Qxb5 28. Nxb5 Bb8 29. Rc2 a6 30. Nbd4 Ne7 31. Rdc1 h5 32. a4 Bd6 33. Nf4 Rh6
34. h4 Rd7 35. Nd3 Rg6 36. g3 Rf6 37. Kg2 Rg6 38. Rd1 Bxg3 39. fxg3 Rxg3+ 40.
Kh2 Rg4 41. Ne5 Rxh4+ 42. Kg2 Rd6 43. Ba3 1-0

[Event "European Online Chess Club Cup 2021 - G"]
[Site "Tornelo.com"]
[Date "2021.03.27"]
[Round "1.2"]
[White "Erdogan, Anil Berk"]
[Black "McShane, Luke J"]
[Result "0-1"]
[WhiteElo "2155"]
[BlackElo "2674"]
[PlyCount "120"]
[EventDate "2021.03.27"]
[EventType "team"]
[EventRounds "9"]
[WhiteTeam "Bursa Buyuksehir Belediyespor"]
[BlackTeam "4NCL Guildford"]

1. e4 e5 2. Nf3 Nc6 3. d4 exd4 4. Nxd4 Bb4+ 5. c3 Bc5 6. Be3 Bb6 7. Nd2 Nge7 8.
Nc4 Bxd4 9. Bxd4 O-O 10. Be2 d5 11. exd5 Qxd5 12. Ne3 Qd6 13. O-O Rd8 14. Qc2
Nxd4 15. cxd4 Be6 16. Rfd1 c6 17. b4 Nd5 18. a3 Qf4 19. Rd3 Qf6 20. Nxd5 Rxd5
21. Qc3 Rad8 22. Rad1 a6 23. a4 h6 24. R3d2 Qf5 25. Bf3 R5d6 26. Rb2 Bd5 27. b5
Bxf3 28. Qxf3 Qxf3 29. gxf3 axb5 30. axb5 c5 31. Rbd2 cxd4 32. Kf1 d3 33. Kg2
Rd5 34. f4 Rxb5 35. Rxd3 Rxd3 36. Rxd3 Rf5 37. Rd7 b5 38. Rb7 g6 39. Kf1 Kg7
40. Ke2 Kf6 41. Ke3 Ke6 42. Rb6+ Kd7 43. Ke4 Kc7 44. Ra6 b4 45. Ra4 Rb5 46. Kd3
b3 47. Ra1 b2 48. Rb1 Kd6 49. Kc2 Ke6 50. Re1+ Kf5 51. Kb1 Kxf4 52. Re3 h5 53.
Ra3 g5 54. Re3 g4 55. Ra3 f5 56. Rc3 h4 57. Ra3 Re5 58. Kxb2 Re2+ 59. Kc1 Rxf2
60. h3 g3 0-1

[Event "European Online Chess Club Cup 2021 - G"]
[Site "Tornelo.com"]
[Date "2021.03.27"]
[Round "1.3"]
[White "Jones, Gawain C B"]
[Black "Kilic, Gokturk Kagan"]
[Result "1-0"]
[WhiteElo "2670"]
[BlackElo "2084"]
[PlyCount "55"]
[EventDate "2021.03.27"]
[EventType "team"]
[EventRounds "9"]
[WhiteTeam "4NCL Guildford"]
[BlackTeam "Bursa Buyuksehir Belediyespor"]

1. Nf3 Nf6 2. c4 d6 3. d4 Nbd7 4. Nc3 c6 5. e4 e5 6. d5 Be7 7. h3 Qc7 8. Be3
Nc5 9. Nd2 a5 10. Be2 h6 11. a3 O-O 12. O-O Nh7 13. b4 Nd7 14. Nb3 axb4 15.
axb4 Rxa1 16. Qxa1 c5 17. Nb5 Qd8 18. bxc5 Nxc5 19. Nxc5 dxc5 20. Qxe5 f5 21.
d6 Bg5 22. Bxc5 Re8 23. Qd5+ Be6 24. Qxb7 fxe4 25. Nc7 Qd7 26. Qb5 Rc8 27. Nxe6
Qxe6 28. Bg4 1-0

[Event "European Online Chess Club Cup 2021 - G"]
[Site "Tornelo.com"]
[Date "2021.03.27"]
[Round "1.1"]
[White "Lupulescu, Constantin"]
[Black "Reimanis, Ritvars"]
[Result "1-0"]
[WhiteElo "2656"]
[BlackElo "2412"]
[PlyCount "56"]
[EventDate "2021.03.27"]
[EventType "team"]
[EventRounds "9"]
[WhiteTeam "CSU ASE Bucharest"]
[BlackTeam "Celtic Tigers"]

1. Nf3 Nf6 2. c4 e6 3. b3 d5 4. Bb2 Be7 5. e3 O-O 6. Nc3 dxc4 7. bxc4 c5 8. Be2
b6 9. Qc2 Nc6 10. a3 Bb7 11. Rg1 Qd7 12. g4 Rfd8 13. g5 Ne8 14. Ne4 Bf8 15.
Nf6+ Nxf6 16. gxf6 g6 17. h4 e5 18. h5 e4 19. hxg6 hxg6 20. Qxe4 Nd4 21. Rxg6+
fxg6 22. Qxg6+ Kh8 23. Ng5 Nf3+ 24. Bxf3 Qxd2+ 25. Kf1 Qd3+ 26. Qxd3 Rxd3 27.
Bxb7 Rb8 28. Be4 Rd2 1-0

[Event "European Online Chess Club Cup 2021 - G"]
[Site "Tornelo.com"]
[Date "2021.03.27"]
[Round "2.2"]
[White "Lagarde, Maxime"]
[Black "Howell, David W L"]
[Result "0-1"]
[WhiteElo "2640"]
[BlackElo "2658"]
[PlyCount "64"]
[EventDate "2021.03.27"]
[EventType "team"]
[EventRounds "9"]
[WhiteTeam "C'Chartres Echecs A"]
[BlackTeam "4NCL Guildford"]

1. c4 c5 2. Nc3 g6 3. g3 Bg7 4. Bg2 Nc6 5. Nf3 e6 6. h4 h6 7. d4 cxd4 8. Nb5 d5
9. cxd5 exd5 10. O-O Qb6 11. Qb3 Nge7 12. Bf4 Na5 13. Qb4 Nac6 14. Nd6+ Kf8 15.
Qd2 Bg4 16. a4 a6 17. a5 Qa7 18. b4 Rd8 19. b5 axb5 20. Nxb5 Qa6 21. Nc7 Qa7
22. Rfb1 d3 23. Ra4 dxe2 24. Nb5 Qa6 25. Bc7 Bf5 26. Rb3 Rd7 27. Bb6 Bf6 28.
Qxe2 Kg7 29. Qd2 Rc8 30. g4 Be4 31. g5 hxg5 32. hxg5 Be5 0-1

[Event "European Online Chess Club Cup 2021 - G"]
[Site "Tornelo.com"]
[Date "2021.03.27"]
[Round "2.3"]
[White "McShane, Luke J"]
[Black "Medvegy, Zoltan"]
[Result "1-0"]
[WhiteElo "2674"]
[BlackElo "2527"]
[PlyCount "85"]
[EventDate "2021.03.27"]
[EventType "team"]
[EventRounds "9"]
[WhiteTeam "4NCL Guildford"]
[BlackTeam "C'Chartres Echecs A"]

1. e4 e6 2. d4 d5 3. Nd2 dxe4 4. Nxe4 Bd7 5. Nf3 Bc6 6. Bd3 Nd7 7. O-O Ngf6 8.
Neg5 Bd6 9. Qe2 h6 10. Nh3 Bxf3 11. Qxf3 c6 12. a4 a5 13. c3 O-O 14. Bc2 Re8
15. Nf4 Qc7 16. g3 e5 17. Ne2 exd4 18. Nxd4 Ne5 19. Qf5 Ned7 20. Be3 g6 21. Qh3
h5 22. Rad1 Ne5 23. Qg2 Nd5 24. Nb5 Qe7 25. Nxd6 Qxd6 26. Bd4 Rad8 27. Bb3 Qc7
28. Kh1 Ne7 29. Bc2 Nd5 30. Rfe1 Nc4 31. b3 Ncb6 32. f4 Ne7 33. Qf3 c5 34. Be5
Rxd1 35. Rxd1 Qc8 36. Be4 c4 37. Bxb7 Qh3 38. b4 Nxa4 39. bxa5 Nb2 40. Ra1 Nf5
41. Qg2 Qxg2+ 42. Bxg2 f6 43. Bxf6 1-0

[Event "European Online Chess Club Cup 2021 - G"]
[Site "Tornelo.com"]
[Date "2021.03.27"]
[Round "2.4"]
[White "Guliyev, Namig"]
[Black "Jones, Gawain C B"]
[Result "0-1"]
[WhiteElo "2538"]
[BlackElo "2670"]
[PlyCount "146"]
[EventDate "2021.03.27"]
[EventType "team"]
[EventRounds "9"]
[WhiteTeam "C'Chartres Echecs A"]
[BlackTeam "4NCL Guildford"]

1. e4 e5 2. Nf3 Nc6 3. Bb5 a6 4. Ba4 Nf6 5. O-O b5 6. Bb3 Bc5 7. c3 d6 8. d4
Bb6 9. dxe5 Nxe5 10. Nxe5 dxe5 11. Qxd8+ Kxd8 12. Bxf7 Bb7 13. Bg5 Ke7 14. Bd5
c6 15. Bb3 Rad8 16. Nd2 h6 17. Bxf6+ Kxf6 18. Rfd1 c5 19. Bd5 Bxd5 20. exd5
Rxd5 21. Ne4+ Ke6 22. Rxd5 Kxd5 23. f3 c4+ 24. Kf1 Kc6 25. a4 h5 26. axb5+ axb5
27. h4 Rd8 28. Ke2 g6 29. Rb1 Ra8 30. Rd1 Bc7 31. Kd2 Bd8 32. Kc2 Be7 33. Rh1
Kd5 34. Rd1+ Ke6 35. g3 Rf8 36. Rf1 Rd8 37. Rd1 Rf8 38. Rf1 Rd8 39. b3 Ra8 40.
bxc4 bxc4 41. Rb1 Ra2+ 42. Kd1 Ra6 43. Ke2 Ra2+ 44. Kf1 Ra6 45. Rb8 Ra1+ 46.
Kg2 Ra2+ 47. Kh3 Ra4 48. Rb6+ Kf7 49. Rc6 Bd8 50. Nd6+ Ke6 51. Nb7+ Kd7 52.
Rxg6 Be7 53. Rg7 Ke6 54. Rh7 Ra3 55. Rxh5 Rxc3 56. Na5 Bb4 57. Nc6 Bd6 58. Na5
Bc7 59. Nb7 Rxf3 60. Kg4 Rf7 61. Nc5+ Kd5 62. Na4 Kd4 63. Rf5 Rxf5 64. Kxf5 e4
65. Kg4 Be5 66. h5 c3 67. Nxc3 Kxc3 68. Kf5 e3 69. Kxe5 e2 70. h6 e1=Q+ 71. Kf6
Qf2+ 72. Ke7 Qxg3 73. h7 Qg7+ 0-1

[Event "European Online Chess Club Cup 2021 - G"]
[Site "Tornelo.com"]
[Date "2021.03.27"]
[Round "3.1"]
[White "Lupulescu, Constantin"]
[Black "Adams, Michael"]
[Result "1/2-1/2"]
[WhiteElo "2656"]
[BlackElo "2716"]
[PlyCount "131"]
[EventDate "2021.03.27"]
[EventType "team"]
[EventRounds "9"]
[WhiteTeam "CSU ASE Bucharest"]
[BlackTeam "4NCL Guildford"]

1. d4 Nf6 2. c4 e6 3. Nc3 d5 4. cxd5 exd5 5. Bg5 c6 6. e3 Be7 7. Bd3 h6 8. Bh4
O-O 9. h3 Re8 10. Nge2 a5 11. Qc2 Na6 12. a3 Nc7 13. g4 Ne6 14. Rd1 b5 15. Kf1
Bd7 16. Kg2 Rc8 17. Bg3 Qb6 18. Qd2 Qb7 19. Nf4 b4 20. axb4 axb4 21. Nce2 c5
22. Nxe6 Bxe6 23. f3 c4 24. Bb1 Bd7 25. h4 Ba4 26. Rc1 h5 27. g5 Nd7 28. g6 Nf8
29. gxf7+ Kxf7 30. e4 Kg8 31. Nf4 c3 32. Qf2 c2 33. Rxc2 Bxc2 34. Bxc2 b3 35.
Bd3 dxe4 36. fxe4 Bd6 37. Nd5 Re6 38. Bxd6 Rxd6 39. Rf1 Ne6 40. Qg3 Rxd5 41.
exd5 Qxd5+ 42. Qf3 Qxf3+ 43. Rxf3 Nxd4 44. Rf4 Rd8 45. Kf2 g5 46. hxg5 Kg7 47.
Ke3 Ne6 48. Rb4 Nxg5 49. Rxb3 h4 50. Rb7+ Kf6 51. Rb6+ Ke5 52. Rb5+ Rd5 53.
Rxd5+ Kxd5 54. Bf5 Nf7 55. Kf4 Nd6 56. Bh3 Kc4 57. Kg5 Kb3 58. Kxh4 Kxb2 59.
Kg5 Kc3 60. Kf6 Kd4 61. Ke6 Ne4 62. Ke7 Nf2 63. Bg2 Ng4 64. Bh1 Ne3 65. Bf3
Nd5+ 66. Bxd5 1/2-1/2

[Event "European Online Chess Club Cup 2021 - G"]
[Site "Tornelo.com"]
[Date "2021.03.27"]
[Round "3.2"]
[White "Howell, David W L"]
[Black "Parligras, Mircea-Emilian"]
[Result "1-0"]
[WhiteElo "2658"]
[BlackElo "2591"]
[PlyCount "107"]
[EventDate "2021.03.27"]
[EventType "team"]
[EventRounds "9"]
[WhiteTeam "4NCL Guildford"]
[BlackTeam "CSU ASE Bucharest"]

1. Nf3 d5 2. g3 Bg4 3. Bg2 e6 4. O-O Nf6 5. h3 Bxf3 6. Bxf3 c5 7. d3 Nc6 8. Nd2
Be7 9. Bg2 O-O 10. e4 dxe4 11. dxe4 Qd7 12. f4 Rfd8 13. c3 b5 14. Qe2 c4 15. e5
Nd5 16. Ne4 a6 17. Bd2 Qc7 18. Kh2 Rd7 19. b3 cxb3 20. axb3 Rdd8 21. Ra2 Qb6
22. Rfa1 a5 23. Be1 Rdb8 24. Bf2 Qc7 25. Qd2 h6 26. h4 Rd8 27. Qe1 Rdb8 28. h5
Rd8 29. Bf3 Rdb8 30. Kg2 Rd8 31. Qc1 Rdb8 32. Rd2 a4 33. bxa4 Rxa4 34. Rb1 Rc4
35. Rc2 b4 36. cxb4 Rxc2 37. Qxc2 Ncxb4 38. Qxc7 Nxc7 39. Nd6 Nba6 40. Ra1 Rb2
41. Kf1 Rb8 42. Be1 Kf8 43. Be2 Nb4 44. Bxb4 Rxb4 45. Ra7 Rb1+ 46. Kg2 Rc1 47.
Rb7 g5 48. hxg6 fxg6 49. Rb8+ Kg7 50. Rc8 Rc2 51. Kf1 Rc1+ 52. Kf2 Kh7 53. Bd3
Rd1 54. Rxc7 1-0

[Event "European Online Chess Club Cup 2021 - G"]
[Site "Tornelo.com"]
[Date "2021.03.27"]
[Round "3.3"]
[White "Dolana, Andrei-Theodor"]
[Black "Jones, Gawain C B"]
[Result "1/2-1/2"]
[WhiteElo "2359"]
[BlackElo "2670"]
[PlyCount "129"]
[EventDate "2021.03.27"]
[EventType "team"]
[EventRounds "9"]
[WhiteTeam "CSU ASE Bucharest"]
[BlackTeam "4NCL Guildford"]

1. Nf3 Nf6 2. g3 g6 3. b3 Bg7 4. Bb2 c5 5. c4 O-O 6. Bg2 d6 7. d4 d5 8. dxc5
dxc4 9. Nbd2 Na6 10. Rc1 Nxc5 11. Rxc4 b6 12. b4 Ne6 13. Nd4 Nxd4 14. Rxd4 Bd7
15. Bxa8 Qxa8 16. Nf3 Be6 17. O-O Ne4 18. Rxe4 Qxe4 19. Bxg7 Kxg7 20. Ng5 Qe5
21. Nxe6+ Qxe6 22. Qd2 Rc8 23. Rd1 Qe4 24. f3 Qe5 25. Kf2 Rc4 26. a3 Rc3 27. a4
Ra3 28. Qc2 Qe3+ 29. Kg2 Kf6 30. Rd7 a6 31. Qb2+ e5 32. Qc2 Ra1 33. Rd1 Rxd1
34. Qxd1 Ke7 35. Kf1 Qa3 36. Qd5 Qa1+ 37. Kg2 Kf6 38. Qd6+ Kg7 39. Qxb6 Qxa4
40. Qd6 Qa1 41. h4 h6 42. Kf2 g5 43. hxg5 hxg5 44. Qd8 Qc1 45. Qd6 Qc3 46. Qxa6
Qd4+ 47. Kg2 Qxb4 48. Qa1 Qb5 49. Qd1 f6 50. Qc2 Qd7 51. g4 Kf8 52. Qg6 Qe6 53.
Qe4 Qa6 54. Kf2 Kg7 55. Qb4 Qc6 56. Qe7+ Kg6 57. Qd8 Kf7 58. Qd3 Kg7 59. Qd8
Qc5+ 60. Kg2 Qa7 61. Qe8 Qb7 62. Qe6 Qc7 63. Kf2 Qc5+ 64. Kg2 Qa7 65. Qe8
1/2-1/2

[Event "European Online Chess Club Cup 2021 - G"]
[Site "Tornelo.com"]
[Date "2021.03.27"]
[Round "3.4"]
[White "Cheparinov, Ivan"]
[Black "Gavrilescu, David"]
[Result "1-0"]
[WhiteElo "2667"]
[BlackElo "2476"]
[PlyCount "81"]
[EventDate "2021.03.27"]
[EventType "team"]
[EventRounds "9"]
[WhiteTeam "4NCL Guildford"]
[BlackTeam "CSU ASE Bucharest"]

1. d4 Nf6 2. c4 e6 3. Nf3 d5 4. g3 dxc4 5. Bg2 a6 6. Ne5 Bb4+ 7. Nc3 Nd5 8. O-O
O-O 9. Ne4 b5 10. b3 cxb3 11. axb3 Bb7 12. Nd3 Be7 13. Nec5 Bc6 14. e4 Nf6 15.
Bb2 Bxc5 16. Nxc5 Nbd7 17. Nxd7 Qxd7 18. Re1 Rfd8 19. d5 exd5 20. Bxf6 gxf6 21.
exd5 Qf5 22. Be4 Qg5 23. h4 Qg7 24. Qf3 Bd7 25. d6 Rac8 26. Bb7 cxd6 27. Bxc8
Bxc8 28. b4 f5 29. Rad1 Qf6 30. Qf4 Kg7 31. Rd5 h6 32. Red1 Be6 33. Rxd6 Rxd6
34. Rxd6 a5 35. bxa5 Qa1+ 36. Kh2 Qxa5 37. Qd4+ Kg6 38. Rd8 Qe1 39. Rg8+ Kh5
40. Qf4 f6 41. Qf3# 1-0

[Event "European Online Chess Club Cup 2021 - G"]
[Site "Tornelo.com"]
[Date "2021.03.27"]
[Round "4.2"]
[White "Pelletier, Yannick"]
[Black "Howell, David W L"]
[Result "0-1"]
[WhiteElo "2581"]
[BlackElo "2658"]
[PlyCount "124"]
[EventDate "2021.03.27"]
[EventType "team"]
[EventRounds "9"]
[WhiteTeam "SG Zurich"]
[BlackTeam "4NCL Guildford"]

1. d4 Nf6 2. c4 e6 3. Nc3 Bb4 4. Nf3 c5 5. e3 O-O 6. Bd3 d5 7. O-O cxd4 8. exd4
dxc4 9. Bxc4 b6 10. Bg5 Bb7 11. Re1 Nc6 12. a3 Be7 13. Qd3 h6 14. Bf4 Bd6 15.
Be5 Bxe5 16. dxe5 Qxd3 17. Bxd3 Rfd8 18. Rad1 Nd7 19. Be4 Na5 20. Bxb7 Nxb7 21.
b4 Rac8 22. Nb5 a6 23. Na7 Rc3 24. Rc1 Rxc1 25. Rxc1 b5 26. h4 Nb6 27. Rc6 Nc4
28. Rxa6 Ra8 29. Nd4 Nxe5 30. Ndxb5 Rd8 31. Nc6 Rd1+ 32. Kh2 Ng4+ 33. Kg3 h5
34. Ra8+ Kh7 35. Rb8 Nd6 36. Nxd6 Rxd6 37. b5 Rd3+ 38. f3 Rxa3 39. b6 Ne3 40.
b7 Nf5+ 41. Kf4 Rb3 42. Na5 Rb4+ 43. Ke5 Rb5+ 44. Ke4 Nd6+ 45. Kd3 Kg6 46. Nc4
Rb3+ 47. Kc2 Rxb7 48. Ne5+ Kf6 49. Rxb7 Nxb7 50. Nc4 Kf5 51. g3 e5 52. Kd2 f6
53. Ke3 Ke6 54. f4 Nd6 55. Nd2 Kf5 56. fxe5 fxe5 57. Nf3 Ne4 58. g4+ hxg4 59.
Ne1 Nf6 60. Ng2 Nd5+ 61. Kf2 e4 62. Kg3 e3 0-1

[Event "European Online Chess Club Cup 2021 - G"]
[Site "Tornelo.com"]
[Date "2021.03.27"]
[Round "4.3"]
[White "McShane, Luke J"]
[Black "Petkidis, Anthony"]
[Result "1-0"]
[WhiteElo "2674"]
[BlackElo "2401"]
[PlyCount "93"]
[EventDate "2021.03.27"]
[EventType "team"]
[EventRounds "9"]
[WhiteTeam "4NCL Guildford"]
[BlackTeam "SG Zurich"]

1. e4 e5 2. Nf3 Nc6 3. Bb5 a6 4. Bxc6 dxc6 5. O-O Qf6 6. d4 exd4 7. Bg5 Qd6 8.
Nxd4 Be7 9. Be3 Nh6 10. f3 Bd7 11. Nd2 O-O-O 12. Qe2 g5 13. Nc4 Qf6 14. Nb3 Be6
15. Nca5 Qe5 16. Nxc6 bxc6 17. Qxa6+ Kd7 18. Rad1+ Bd6 19. f4 Qb5 20. Qxb5 cxb5
21. e5 Nf5 22. Kf2 Rhe8 23. Bc1 g4 24. exd6 cxd6 25. Nc5+ Ke7 26. Nd3 Rc8 27.
Nb4 Rc4 28. c3 Rec8 29. Nd5+ Bxd5 30. Rxd5 R4c5 31. Re1+ Kf6 32. Rxc5 dxc5 33.
Be3 b4 34. Rc1 Ra8 35. Ra1 bxc3 36. bxc3 Ra3 37. Bc1 Ra4 38. Ke2 Ke6 39. Kd3
Kd5 40. a3 Re4 41. a4 c4+ 42. Kd2 Rxf4 43. a5 Rf2+ 44. Ke1 Rxg2 45. a6 Ke4 46.
a7 Kd3 47. a8=Q 1-0

[Event "European Online Chess Club Cup 2021 - G"]
[Site "Tornelo.com"]
[Date "2021.03.28"]
[Round "5.1"]
[White "Gadimbayli, Abdulla"]
[Black "Adams, Michael"]
[Result "1/2-1/2"]
[WhiteElo "2470"]
[BlackElo "2716"]
[PlyCount "164"]
[EventDate "2021.03.27"]
[EventType "team"]
[EventRounds "9"]
[WhiteTeam "Ganclik"]
[BlackTeam "4NCL Guildford"]

1. e4 e5 2. Nf3 Nc6 3. Nc3 Nf6 4. d4 exd4 5. Nxd4 Bb4 6. Nxc6 bxc6 7. Bd3 d5 8.
exd5 cxd5 9. O-O O-O 10. Bg5 Be6 11. Nb5 c5 12. a3 Ba5 13. b4 Bb6 14. c3 h6 15.
Bh4 Rc8 16. Rc1 a6 17. bxc5 Bxc5 18. Nd4 Bxa3 19. Ra1 Bb2 20. Rxa6 Bxc3 21.
Nxe6 fxe6 22. Rxe6 Qd7 23. Bf5 Qb7 24. Bxf6 Bxf6 25. Rxf6 Rxf6 26. Bxc8 Qxc8
27. Qxd5+ Qe6 28. Qd4 Rf5 29. g3 Re5 30. Rd1 Re1+ 31. Rxe1 Qxe1+ 32. Kg2 Qe6
33. Kf3 Qb3+ 34. Ke2 Qe6+ 35. Kf3 Qb3+ 36. Kf4 Qf7+ 37. Ke3 Qb3+ 38. Qd3 Qb6+
39. Kf3 Qb7+ 40. Qe4 Qf7+ 41. Kg2 h5 42. Qf3 Qe8 43. Qd5+ Kh7 44. Kf3 Qf8+ 45.
Ke3 g6 46. Qd7+ Kh6 47. Qc7 Qa3+ 48. Ke4 Qb4+ 49. Kd3 Qb3+ 50. Qc3 Qd5+ 51. Ke2
Kh7 52. Qc7+ Kh6 53. Qf4+ Kh7 54. Qc7+ Kh6 55. Qc3 Kh7 56. h4 Qe4+ 57. Qe3 Qc2+
58. Ke1 Qb1+ 59. Kd2 Qb2+ 60. Kd3 Qb3+ 61. Kd4 Qb6+ 62. Kd5 Qb7+ 63. Kd6 Qb8+
64. Ke7 Qc7+ 65. Kf8 Qg7+ 66. Ke8 Qg8+ 67. Kd7 Qd5+ 68. Kc7 Qf7+ 69. Kd6 Qf6+
70. Kd7 Qf5+ 71. Kd8 Qd5+ 72. Ke7 Qb7+ 73. Kd6 Qb8+ 74. Kc6 Qc8+ 75. Kb5 Qd7+
76. Kb6 Qd6+ 77. Kb5 Qd7+ 78. Kc4 Qa4+ 79. Kd3 Qb5+ 80. Kd4 Qd7+ 81. Kc5 Qc7+
82. Kb5 Qd7+ 1/2-1/2